Truyện ngắn hay 1996
v.v...
Đã lưu trong:
| Tác giả chính: | |
|---|---|
| Định dạng: | Sách |
| Năm xuất bản: |
H.
Hội nhà văn
1997
|
| Chủ đề: | |
| Tags: |
Thêm thẻ
Không có thẻ, Hãy là người đầu tiên gắn thẻ bản ghi này!
|
| LEADER | 00785nam a2200181 4500 | ||
|---|---|---|---|
| 082 | |a 895.922334 |b TR527ng | ||
| 100 | |a Đỗ Chu | ||
| 245 | |a Truyện ngắn hay 1996 |c Đỗ Chu, Triệu Bôn, Tạ Kim Hùng,.. | ||
| 260 | |a H. |b Hội nhà văn |c 1997 | ||
| 300 | |a 394 tr. |c 21 cm. | ||
| 520 | |a v.v... | ||
| 653 | |a Văn học hiện đại | ||
| 653 | |a Việt Nam | ||
| 653 | |a Truyện ngắn | ||
| 942 | |2 ddc |c STK0 | ||
| 999 | |c 4994 |d 4994 | ||
| 952 | |0 0 |1 0 |2 ddc |4 0 |6 895_922334000000000_TR527NG |7 0 |8 800 |9 46103 |a qbu |b qbu |c D5 |d 2014-12-20 |g 28000 |l 1 |m 1 |o 895.922334 TR527ng |p 838.c1 |r 2017-09-14 |s 2017-08-23 |w 2014-12-20 |y STK0 | ||
| 952 | |0 0 |1 0 |2 ddc |4 0 |6 895_922334000000000_TR527NG |7 0 |8 800 |9 46104 |a qbu |b qbu |c D5 |d 2014-12-20 |g 28000 |l 2 |o 895.922334 TR527ng |p 838.c2 |r 2016-09-19 |s 2016-09-06 |w 2014-12-20 |y STK0 | ||